000 00380nam a2200145Ia 4500
008 190920s9999||||xx |||||||||||||| ||und||
020 _a9788178087764
082 _a005
_bHOL/E
100 _aHollabaugh, Craig
245 0 _aEmbedded Linux: Hardware, Software, and Interfacing
250 _a1st Edition
260 _aNew Delhi
_bPearson Edu.
_c2002
300 _a419p.
942 _cBK
999 _c7359
_d7359